Statistics for Camden Lyrics

Click here to take the quiz!

General Stats

  • This quiz has been taken 23 times
  • The average score is 339 of 377

Answer Stats

HintAnswer% Correct
a
100%
Outro | Verse 1I
100%
it
100%
know
100%
like
100%
never
100%
not
100%
said
100%
that
100%
time
100%
to
100%
25
92%
BridgeAll
92%
all
92%
an
92%
are
92%
at
92%
been
92%
but
92%
can't
92%
care
92%
ever
92%
for
92%
get
92%
"go
92%
good
92%
he
92%
head
92%
hope
92%
i'm
92%
in
92%
is
92%
it's
92%
i've
92%
just
92%
me
92%
my
92%
night
92%
out
92%
seen
92%
sleep
92%
the
92%
think
92%
this
92%
what
92%
when
92%
ChorusWhen
92%
you
92%
your
92%
you're
92%
ahead"
83%
align
83%
anything
83%
as
83%
baggage
83%
better
83%
bigger
83%
borderline
83%
brother
83%
call
83%
calling
83%
cigarettes
83%
close
83%
coping
83%
diagnosing
83%
do
83%
enough
83%
feeling
83%
fine
83%
from
83%
getting
83%
girls
83%
helps
83%
hide
83%
Verse 2How
83%
how
83%
i'll
83%
into
83%
island
83%
keep
83%
killer
83%
knows
83%
leave
83%
line
83%
looking
83%
of
83%
open
83%
over
83%
past
83%
picture
83%
really
83%
self
83%
shielded
83%
sight
83%
sign
83%
silence
83%
smoking
83%
stars
83%
strong
83%
survive
83%
take
83%
thing
83%
thinking
83%
thinner
83%
'til
83%
timing
83%
trying
83%
turn
83%
wanted
83%
was
83%
whatever
83%
whole
83%
wound
83%
bitter
75%
game
75%
if
75%
inside
75%
least
75%
maybe
75%
mirror
75%
most
75%
notice
75%
only
75%
scared
75%
somebody
75%
talk
75%
toein'
75%
ChorusToeing
75%
toeing
75%
unfamiliar
75%
until
75%
validation
75%
waiting
75%
bury
67%
driving
67%

Score Distribution

Percentile by Number Answered

Percent of People with Each Score

Your Score History

You have not taken this quiz